000
00182 a2200097 4500
020
_a
9780590937726
041
_a
spa
100
_a
Scholastic
245
_a
Un dia de Nieve
942
_c
K
999
_c
27675
_d
27675